C++ programming in easy steps / (Record no. 58963)
[ view plain ]
| 000 -LEADER | |
|---|---|
| fixed length control field | 00771nam a22002537a 4500 |
| 005 - DATE AND TIME OF LATEST TRANSACTION | |
| control field | 20130717130646.0 |
| 010 ## - LCCN (DPL NO) | |
| LC control number | ENG-104284 |
| 020 ## - INTERNATIONAL STANDARD BOOK NUMBER | |
| International Standard Book Number | 9781259002342 |
| Terms of availability | 195.00 |
| 020 ## - INTERNATIONAL STANDARD BOOK NUMBER | |
| International Standard Book Number | 1259002349 |
| Terms of availability | 195.00 |
| 035 ## - SYSTEM CONTROL NUMBER | |
| System control number | EN -87817 |
| 035 ## - SYSTEM CONTROL NUMBER | |
| System control number | B-491135-145 |
| 037 ## - SOURCE OF ACQUISITION | |
| Source of stock number/acquisition | DBAD/PUB |
| 037 ## - SOURCE OF ACQUISITION | |
| Source of stock number/acquisition | BSB/Ven |
| Stock number | dpl |
| 082 ## - DEWEY DECIMAL CLASSIFICATION NUMBER | |
| Classification number | 005.133 |
| 100 ## - MAIN ENTRY--PERSONAL NAME | |
| Personal name | McGrath, Mike |
| 245 ## - TITLE STATEMENT | |
| Title | C++ programming in easy steps / |
| Statement of responsibility, etc | by Mike McGrath |
| 250 ## - EDITION STATEMENT | |
| Edition statement | 4th ed |
| 260 ## - PUBLICATION, DISTRIBUTION, ETC. (IMPRINT) | |
| Place of publication, distribution, etc | New Delhi |
| Name of publisher, distributor, etc | Tata McGraw Hill |
| Date of publication, distribution, etc | 2011 |
| 270 ## - ADDRESS | |
| Address | 7 West Patel Nagar |
| City | New Delhi |
| Postal code | 110008 |
| 300 ## - PHYSICAL DESCRIPTION | |
| Extent | 192p. : |
| Dimensions | 24cm(pbk) |
| Other physical details | ill. |
| 500 ## - GENERAL NOTE | |
| General note | Includes index |
| 942 ## - ADDED ENTRY ELEMENTS (KOHA) | |
| Source of classification or shelving scheme | Dewey Decimal Classification |
| Item type | English Books |
| Call number suffix | MCG |
| Classification part | 005.133 |
| Withdrawn status | Lost status | Not for loan | Collection code | Home library | Current library | Date acquired | Source of acquisition | Cost, normal purchase price | Full call number | Barcode | Copy number | Cost, replacement price | Koha item type | Public note |
|---|---|---|---|---|---|---|---|---|---|---|---|---|---|---|
| Non-fiction | Bawana | Bawana | 17/07/2013 | BSB/642/08/01/2013/115/18.12.2012/18.1.2013 | 195.00 | 005.133 MCG | B-491143 | 1 | 195.00 | English Books | ||||
| Non-fiction | Central Library | Central Library | 17/07/2013 | BSB/642/08/01/2013/115/18.12.2012/18.1.2013 | 195.00 | 005.133 MCG | B-491135 | 1 | 195.00 | English Books | Legal Case (Register 2018) | |||
| Not For Loan | Non-fiction | D.B.Act.Division | D.B.Act.Division | 05/12/2011 | DBAD/PUB | 195.00 | 005.133 MCG | EN -87817 | 1 | 195.00 | English Books | |||
| Non-fiction | Janak Puri | Janak Puri | 17/07/2013 | BSB/642/08/01/2013/115/18.12.2012/18.1.2013 | 195.00 | 005.133 MCG | B-491140 | 1 | 195.00 | English Books | ||||
| Non-fiction | Kasturba Gandhi Marg | Kasturba Gandhi Marg | 17/07/2013 | BSB/642/08/01/2013/115/18.12.2012/18.1.2013 | 195.00 | 005.133 MCG | B-491137 | 1 | 195.00 | English Books | ||||
| Non-fiction | Narela | Narela | 17/07/2013 | BSB/642/08/01/2013/115/18.12.2012/18.1.2013 | 195.00 | 005.133 MCG | B-491144 | 1 | 195.00 | English Books | ||||
| Non-fiction | Patel Nagar | Patel Nagar | 17/07/2013 | BSB/642/08/01/2013/115/18.12.2012/18.1.2013 | 195.00 | 005.133 MCG | B-491136 | 1 | 195.00 | English Books | ||||
| Non-fiction | Peshwa Road | Peshwa Road | 17/07/2013 | BSB/642/08/01/2013/115/18.12.2012/18.1.2013 | 195.00 | 005.133 MCG | B-491138 | 1 | 195.00 | English Books | ||||
| Written-off vide DLB M. No. 383 dt 16.05.19 | Non-fiction | Sarojini Nagar | Sarojini Nagar | 17/07/2013 | BSB/642/08/01/2013/115/18.12.2012/18.1.2013 | 195.00 | 005.133 MCG | B-491141 | 1 | 195.00 | English Books | |||
| Non-fiction | Shahdara Branch | Shahdara Branch | 17/07/2013 | BSB/642/08/01/2013/115/18.12.2012/18.1.2013 | 195.00 | 005.133 MCG | B-491145 | 1 | 195.00 | English Books | ||||
| Non-fiction | Tri Nagar | Tri Nagar | 17/07/2013 | BSB/642/08/01/2013/115/18.12.2012/18.1.2013 | 195.00 | 005.133 MCG | B-491139 | 1 | 195.00 | English Books | ||||
| Non-fiction | Vinoba Puri | Vinoba Puri | 17/07/2013 | BSB/642/08/01/2013/115/18.12.2012/18.1.2013 | 195.00 | 005.133 MCG | B-491142 | 1 | 195.00 | English Books |
